Statistics for Birds by Picture #7

Click here to take the quiz!

General Stats

  • This quiz has been taken 44 times
    (12 since last reset)
  • The average score is 8 of 12

Answer Stats

Answer% Correct
Golden Eagle
100%
Chicken
89%
Herring Gull
89%
Ruby-Throated Hummingbird
89%
Royal Albatross
78%
Atlantic Puffin
67%
Road Runner
67%
Blue Jay
56%
California Quail
56%
Galah
56%
Golden Pheasant
33%
Osprey
22%

Score Distribution

Percentile by Number Answered

Percent of People with Each Score

Your Score History

You have not taken this quiz since the last reset